000 00665nam a2200217Ia 4500
003 GCL
008 140319s9999 xx 000 0 ara d
040 _aGCL /
_cGCL
082 0 4 _aق
_b069.5
_bف د
100 1 _aفبيت، جاستون
245 1 0 _aدليل موجز لمعروضات دار الاثار العربية /
_cفبيت، جاستون
700 1 _aزكى محمد حسن
260 _a[S.N] :
_bوزارة المعارف العمومية ،
_c1939
300 _a114 ص
490 _a
650 0 4 _aمصر
650 0 4 _aالاثار الاسلامية
650 0 4 _aالمتاحف
650 0 4 _aالفن الاسلامى
942 _2ddc
_cBK
999 _c36558
_d36558